00915 2200289 4500001002100000005001700021008004100038035002400079082001600103090002100119245014200140260008400282300003000366500002700396500001100423650004300434700001800477700001400495700002100509700001500530850002100545980001400566985000600580986000900586999001500595999001500610YOGYA-0209000004317220090227025933.0 ind  0010-020900000043172 a728.0959862 a728.0959862bArs aARSITEKTUR tradisional daerah Sulawesi tengahcpeneliti/penulis, Zohra Mahmud ... [et al] ; editor, Syamsidar, Sugiarto Dakung, Rifai Abu aJakartabDepdikbud Proyek Inventarisasi dan Dokumentasi Kebudayaan Daerahc1986 avii, 163 hlmbilusc23 cm aBibliografi : hlm. 163 aIndeks aArsitektur perumahan - Sulawesi Tengah aMahmud, Zohra aSyamsidar aDakung, Sugiarto aAbu, Rifai aYOPDYOG [TRM 29] a29-8-2007 a2 aRuni a07A0025874 a07A0025875